00779nam a22001937a 4500003001700000005001700017008004100034020001800075040000700093041001200100082001900112100001400131245004200145260004700187300003300234365006200267520022200329650003400551St Aloysius Coll20260210103712.0260210b |||||||| |||| 00| 0 eng d a9788182839168 cAL aEnglish a541.3028bYADA aYadav J B aAdvanced practical physical chemistry aMeerutbKrishna Prakashan Media Ltd.c2026 axxiv, 594p.bPBc23.5X15.1cm 2Generala5823b₹846.00c₹d₹995.00e15%f05-02-2026 aGeneral information; Errors in measurement and treatment of experimental data; Molecular weights of volatile substances; Determination of molecular weights in solution; Density of a liquid; Viscosity; surface tension. 2ChemistryaPhysical Chemistry